000 00575nam a2200217Ia 4500
008 101110s9999 xx 000 0 und d
041 _aENGLISH
082 _bSR34318
100 _aGarch N.C., Citaley R.S. & Shroff Adarsh
245 _aHandbook of physics practicals SYBSC
260 _c2009
_bSheth publisher,Mumbai
300 _a175
365 _b90
520 _aPhysics
546 _aENGLISH
630 _aHandbook of physics practicals SYBSC
650 _aPhysics
655 _aPhysics
730 _aHandbook of physics practicals SYBSC
942 _cBOOK
999 _c826819
_d826816